00750nam a22001817a 4500003000400000008004100004020001800045082001500063100001700078245002600095250001100121260003200132300000800164942001200172999001700184952017800201952018900379OSt240224b |||||||| |||| 00| 0 eng d a9781788166331 a158.1bRYD aRYAN,Holiday aDiscipline is Destiny a1st Ed aLondonbProfile Booksc2022 a312 2ddccBK c12240d12240 00102ddc40708GENERALaPIETbPIETd2024-02-15eZafaa Books and DistributorsfIn rupeesg699.00kZBD0375l0o158.1 RYDp35539r2024-02-24 00:00:00v468.33w2024-02-15yREF 00102ddc40708GENERALaPIETbPIETd2024-02-15eZafaa Books and DistributorsfIn rupeesg699.00kZBD0375l5o158.1 RYDp35540r2026-04-22 15:52:26s2026-04-08v468.33w2024-02-15yBK